New opportunities in the search for peace; (Record no. 90093)
[ view plain ]
| 000 -LEADER | |
|---|---|
| fixed length control field | 00970cam a22002531 4500 |
| 001 - CONTROL NUMBER | |
| control field | sd 63000013 |
| 003 - CONTROL NUMBER IDENTIFIER | |
| control field | DLC |
| 005 - DATE AND TIME OF LATEST TRANSACTION | |
| control field | 20260227112736.0 |
| 008 - FIXED-LENGTH DATA ELEMENTS--GENERAL INFORMATION | |
| fixed length control field | 771007s1963 dcu f000 0 eng c |
| 010 ## - LIBRARY OF CONGRESS CONTROL NUMBER | |
| LC control number | sd 63000013 |
| 035 ## - SYSTEM CONTROL NUMBER | |
| System control number | (OCoLC)3323827 |
| 040 ## - CATALOGING SOURCE | |
| Original cataloging agency | U. S. Dept. of State |
| Transcribing agency | MH |
| Modifying agency | OCoLC |
| -- | DLC |
| 042 ## - AUTHENTICATION CODE | |
| Authentication code | premarc |
| 050 00 - LIBRARY OF CONGRESS CALL NUMBER | |
| Classification number | D844 |
| Item number | .K493 |
| 100 1# - MAIN ENTRY--PERSONAL NAME | |
| Personal name | Kennedy, John F. |
| Fuller form of name | (John Fitzgerald), |
| Dates associated with a name | 1917-1963 |
| 245 10 - TITLE STATEMENT | |
| Title | New opportunities in the search for peace; |
| Remainder of title | [address made before the United Nations General Assembly, September 20, 1963. |
| 260 ## - PUBLICATION, DISTRIBUTION, ETC. | |
| Place of publication, distribution, etc. | Washington] |
| Name of publisher, distributor, etc. | Dept. of State; [for sale by the Superintendent of Documents, U.S. Govt. Print. Off., |
| Date of publication, distribution, etc. | 1963] |
| 300 ## - PHYSICAL DESCRIPTION | |
| Extent | 20 p. |
| Dimensions | 19 cm. |
| 490 1# - SERIES STATEMENT | |
| Series statement | Department of State publication 7595. General foreign policy series, |
| Volume/sequential designation | 189 |
| 500 ## - GENERAL NOTE | |
| General note | Cover title. |
| 650 #0 - SUBJECT ADDED ENTRY--TOPICAL TERM | |
| Topical term or geographic name entry element | World politics |
| Chronological subdivision | 1955-1965. |
| 650 #0 - SUBJECT ADDED ENTRY--TOPICAL TERM | |
| Topical term or geographic name entry element | Peace. |
| 830 #0 - SERIES ADDED ENTRY--UNIFORM TITLE | |
| Uniform title | Department of State publication. |
| Name of part/section of a work | General foreign policy series ; |
| Volume/sequential designation | 189. |
No items available.